O "bordado" e as colchas de Castelo Branco (Registo nº 199412)

Detalhes MARC
000 -Etiqueta do registo
Valores 00756nam 22002053 4500
100 ## - Dados gerais de processamento
Dados gerais 20251205d u||y0pory50 ba
200 ## - Titulo e menção de responsabilidade
Título próprio O "bordado" e as colchas de Castelo Branco
Primeira menção de responsabilidade textos de Ribeiro Cardoso, Luis Chaves, Maria Clementina Carneiro de Moura
205 ## - Menção da edição
Edição
210 ## - Publicação
Local de publicação Castelo Branco
Nome do editor Museu de Francisco Tavares Proença Júnior
Data de publicação 1980
215 ## - Descrição física 
Paginação / Volumes 32, [2] p.
Outras indicações físicas il. ; brochado
Dimensões 23 cm
606 ## - Nome comum usado como assunto
ID Autoridade 15274
Palavra de ordem Desenho. Design. Artes e ofícios aplicados
Subdivisão assunto Trabalhos artísticos de agulha
675 ## - CDU
Notação 746
Edição PT
Língua por
701 ## - Co-autor principal (pessoa individual)
ID Autoridade 15276
Apelido Cardoso
Nome J. Ribeiro
702 ## - Autor secundário (pessoa individual)
ID Autoridade 15277
Apelido Chaves
Nome Luis
702 ## - Autor secundário (pessoa individual)
ID Autoridade 15278
Apelido Moura
Nome Maria Clementina Carneiro de
801 ## - Fonte de origem
País PT
Agência BMMN
Regras de catalogação RPC
830 ## - Notas gerais do catalogador
Criado por Vanda
990 ## - Elementos KOHA
Tipo de documento Livro
Exemplares
Situação do levantamento Biblioteca de origem Código de barras Cota Permissão de empréstimo Tipo de documento Forma de aquisição
  Biblioteca Municipal de Montemor-o-Novo 28258 746 BOR|DEP   Livro Oferta

Powered by Koha